| 000 | 00967nam0a2200277 i 4500 | ||
|---|---|---|---|
| 001 | RU\NLR\BIBL_A\011325549 | ||
| 005 | 20240726234354.0 | ||
| 010 |
_a9785421801122 _9100 |
||
| 021 |
_aRU _b2017-2547 _9182 |
||
| 035 | _a(NLR Aleph) 011325549 | ||
| 090 |
_a11105154 _c11105154 |
||
| 100 | _a20170214d2012 u y0rusy50 ca | ||
| 101 | 0 | _arus | |
| 102 | _aRU | ||
| 105 | _ay z 000fy | ||
| 200 | 1 |
_aРазумная жизнь братьев меньших _e[рассказы] _fЛ.В. Шестера |
|
| 210 |
_aВоронеж _cВоронежский ЦНТИ - филиал ФГБУ "РЭА" Минэнерго России _d2012 |
||
| 215 |
_a84 с. _d21 |
||
| 686 | 0 | _aШ9(2)60=Р7-4 | |
| 700 | 1 |
_aШестера _bЛ.В. _f1982- _gЛюбовь Владимировна |
|
| 942 | _cBOOK | ||
| 980 | _aNBR | ||